Colección de discursos y poesías leidos en el acto de la inauguración del monumento que se ha de erigir en Badajoz á la memoria de D. José Moreno Nieto. (Record no. 177571)

MARC details
000 -LEADER
campo de control de longitud fija 00655nam a2200169 i 4500
001 - NÚMERO DE CONTROL
campo de control 177571
003 - IDENTIFICADOR DE NÚMERO DE CONTROL
campo de control ES-MaACL
005 - FECHA Y HORA DE LA ÚLTIMA TRANSACCIÓN
campo de control 20250806025309.0
008 - DATOS DE LONGITUD FIJA--INFORMACIÓN GENERAL
campo de control de longitud fija 110404s1883 sp |||| | spa d
245 00 - MENCIÓN DEL TÍTULO
Título Colección de discursos y poesías leidos en el acto de la inauguración del monumento que se ha de erigir en Badajoz á la memoria de D. José Moreno Nieto.
260 ## - PUBLICACIÓN, DISTRIBUCIÓN, ETC.
Lugar de publicación, distribución, etc. Fregenal :
Nombre del editor, distribuidor, etc. [s.n.],
Fecha de publicación, distribución, etc. 1883 (
Fabricante Impr. de El Eco)
300 ## - DESCRIPCIÓN FÍSICA
Extensión 41, [4] p. ;
Dimensiones 20 cm.
500 ## - NOTA GENERAL
Nota general En anteportada: "A Moreno Nieto el Eco de Fregenal"
600 14 - PUNTO DE ACCESO ADICIONAL DE MATERIA--NOMBRE DE PERSONA
Nombre de persona Moreno Nieto, José,
Fechas asociadas al nombre 1825-1882
9 (RLIN) 83416
852 ## - LOCALIZACIÓN
Ubicación ES-MaACL
Número de control de estantería T-367-F-6
Holdings
Estatus retirado Estado de pérdida Estado de daño No para préstamo Colección Biblioteca de origen Biblioteca actual Ubicación en estantería Fecha de adquisición Fuente de adquisición Total de préstamos Signatura topográfica completa Código de barras Visto por última vez Precio de reemplazo Tipo de ítem Koha
        Colección de folletos Biblioteca del Ateneo de Madrid Biblioteca del Ateneo de Madrid Depósito folletos 04/04/2011     T-367-F-6 1186515 23/02/2023 23/02/2023 Folleto